|
|
|
|
| LEADER |
00609nam a2200157Ia 4500 |
| 001 |
64765 |
| 008 |
170722s9999 xx 000 0 und d |
| 100 |
|
|
|a Joy, Muttar
|
| 245 |
|
|
|a Manjakodi /
|
| 260 |
|
|
|b Granthakarthavu, NBS ,
|c 1980.
|
| 300 |
|
|
|a 200 p.
|c 18cms
|
| 653 |
|
|
|a Malayalm Novel
|
| 942 |
|
|
|c GEN
|
| 999 |
|
|
|c 97871
|d 97871
|
| 952 |
|
|
|0 0
|1 0
|4 0
|6 O_323NJ07MAN_M0KRM01
|7 0
|9 137044
|a LIB
|b LIB
|d 2017-08-12
|o O32,3NJ07,MAN M0(KR)-M0;1
|p 181807
|r 2017-08-12
|v 11.50
|w 2017-08-12
|y GEN
|
| 952 |
|
|
|0 0
|1 0
|4 0
|6 O_323NJ07MAN_M0KRM01
|7 0
|9 137045
|a LIB
|b LIB
|d 2017-08-12
|o O32,3NJ07,MAN M0(KR)-M0;1
|p 181808
|r 2017-08-12
|v 11.50
|w 2017-08-12
|y GEN
|